Statistiques concernant Culture Générale - Série 672

Cliquez ici pour prendre le quiz!

Statistiques générales

  • Ce quiz a été pris 174 fois
  • Le résultat moyen est 7 sur 10

Statistiques - réponses

QuestionRéponse% Correct
Quel continent sépare-t-on traditonnellement de l'Asie, par la chaîne de l'Oural ?Europe
95%
Quel commissaire apparaît dans plus de cent enquêtes, écrites par Georges Simenon ?Jules Maigret
82%
Quel est le prénom du cycliste Armstrong, troisième du Tour de France en 2009 ?Lance
77%
Quel "petit garçon" créé par Sempé et Goscinny a fêté ses 50 ans en 2009 ?Le Petit Nicolas
72%
Qui est "Le maître d'école" dans le film du même nom, réalisé en 1981 par Claude Berri ?Coluche
65%
Quel chanteur français est l'interprète des titres : "Week-end à Rome" et "Des heures hindoues" ?Étienne Daho
61%
Quel cinéaste, prénommé Cédric, a réalisé "L'Auberge espagnole", en 2002 ?Cédric Klapisch
59%
Quel nom porte le club de basket de la NBA dont Michael Jordan a fait la renommée, jusqu'en 1998 ?Chicago Bulls
59%
Par quel nom, évoquant un fruit, nomme-t-on couramment la partie la plus saillante de la joue ?pommette
55%
Quel auteur dramatique américain fut le mari de Marilyn Monroe, de 1956 à 1961 ?Arthur Miller
39%

Distribution des résultats

Percentile par nombre de réponses

% des personnes avec chaque résultat

Votre développement - résultats

Vous n’avez pas pris ce quiz